000 00458nam a2200169Ia 4500
008 220204s9999 xx 000 0 und d
020 _a9781847351005
082 _aNR:62(035)
_bWHI.2;1
245 0 _aRubber technologists handbook.V.2
260 _aUK
_bSmithers Rapra Technology
_c2009
650 _aIntelligent tyres
650 _aRubber applications
650 _aRubber compounding
650 _aSilicone rubbers
700 _aWhite, J
942 _cBK
999 _c43015
_d43015